00907 2200349 4500001002100000005001700021008004100038020002200079035002400101040001300125082001100138090001700149100001600166245005500182250001100237260004300248300002800291504003000319600001900349650001700368850001200385990001600397990001600413990001600429990001600445990001600461990001600477990001600493990001600509990001600525990001600541YOGYA-1112000000036420121120150230.0 ind  a978-602-8533-47-8 0010-111200000000364 aYOPD DIY a297.74 a297.74 Tho P aTHOBRONI, M aPanduan pintar ceramah dan berdakwahcThobroni, M. aEd.rev aYogyakartabPinus Book Publisherc2011 a244 hlmc17 cm (10 eks) aBibliografi : hlm.221-223 aAgnes Chintami aDakwah Islam aYOPDYOG a200-PK/B.12 a199-PK/B.12 a198-PK/B.12 a197-PK/B.12 a196-PK/B.12 a195-PK/B.12 a194-PK/B.12 a193-PK/B.12 a192-PK/B.12 a191-PK/B.12